Movie Subtitles - Statistics

General Stats
  • This quiz has been taken 85 times
  • The average score is 16 of 20
Answer Stats
Hint Answer % Correct
Spider Man: Across the Spider-verse
97%
Harry Potter And the Prisoner of Azkaban
97%
Indiana Jones And the Temple of Doom
95%
Avengers: Endgame
94%
Pirates of the Caribbean: Curse of the Black Pearl
92%
Borat: Cultural Learnings of America for Make Benefit Glorious Nation of Kazakhstan
89%
Lord of the Rings: The Return of the King
88%
Star Wars: The Phantom Menace
86%
The Hunger Games: Catching Fire
85%
The Lost World: Jurassic Park
82%
Star Trek III: The Search for Spock
80%
Halloween 4 The Return of Michael Myers
74%
Dr. Strangelove or: How I Learned to Stop Worrying and Love the Bomb
71%
The Godfather Coda: The Deah of Michael Corleone
71%
Sweeny Todd: The Demon Barber of Fleet Street
68%
Mission Impossible: Ghost Protocol
66%
Nosferatu: A Symphony of Horror
65%
Batman: Mask of the Phantasm
58%
Scooby-Doo 2: Monsters Unleashed
55%
Jason Goes to Hell: The Final Friday
55%
No matching quizzes found
Score Distribution
Percent of People with Each Score
Percentile by Number Answered
Your Score History
You have not taken this quiz